01169 a2200241 4500003000500000005001700005010001700022020001800039040000900057082001700066100002400083245006100107260002600168300002800194505028000222600003700502651002200539710007900561942001200640999001900652952012600671952013000797Nust20230206113928.0 a 2014323739 a9789698535186 cNust a954.9042,BAZ1 aBazmi, Aslam,9670710aOur Quaid :bas remembered and reported /cAslam Bazmi. aIslamabadbNUSTc2014 axiv, 166 pages ;c23 cm aHard work and Diligence (Page-1), Commitment to Principles (Page-11), Character and Credibility (Page-29), Value of Discipline (Page-45), Frugality and Thriftiness (Page-65), Advice to student (Page-91), Foreign Policy Outlook (Page-105), Advice to Civil Servants (Page-107),10aJinnah, Mahomed Ali,d1876-1948. aOur Quaid91086462 aNational University of Sciences and Technology (Islamabad, Pakistan)94252 2ddccBK c217045d217045 00102ddc4070aMCSbMCScGENd2016-12-12o954.9042,BAZpMCS37312r2016-12-08w2016-12-12yBKzAlmirah No.75, Shelf No.7 00102ddc4070aMCSbMCScGENd2016-12-12j5o954.9042,BAZpMCS37313r2016-12-08w2016-12-12yBKzAlmirah No.62, Shelf No.1